Towards optimal coordination of the chilean agricultural innovation system: design for a MINAGRI Agricultural Innovation Coordination Unit
Zapisane w:
| Korporacja: | |
|---|---|
| Format: | Książka |
| Język: | angielski |
| Wydane: |
Santiago
Ministerio de Agricultura
2014
|
| Wydanie: | 1a. ed |
| Hasła przedmiotowe: | |
| Etykiety: |
Dodaj etykietę
Nie ma etykietki, Dołącz pierwszą etykiete!
|
MARC
| LEADER | 00000cam a2200000 a 4500 | ||
|---|---|---|---|
| 001 | UCE3883 | ||
| 003 | CL-VaPUC | ||
| 008 | 141003e20140000cl |||||||||||||||||eng|d | ||
| 082 | 0 | 4 | |a 630.983 |b MIN |2 21 |
| 110 | 2 | |a Ministerio de Agricultura |e author |9 576407 | |
| 245 | 1 | 0 | |a Towards optimal coordination of the chilean agricultural innovation system: design for a MINAGRI Agricultural Innovation Coordination Unit |
| 250 | |a 1a. ed | ||
| 300 | |a 69 p | ||
| 942 | |c BK | ||
| 945 | |d 20141003 14:17:00 |a dcastane | ||
| 260 | |a Santiago |b Ministerio de Agricultura |c 2014 | ||
| 650 | 0 | |a Agricultura chilena |9 405541 | |
| 650 | 7 | |a DESARROLLO AGRICOLA |2 CL-VaPUC |9 259759 | |
| 650 | 7 | |a INNOVACIONES TECNOLOGICAS |2 CL-VaPUC |9 576408 | |
| 650 | 0 | |a Comercio exterior |9 257617 | |
| 583 | |a last modification |c 20141003 14:17:00 |k Rodrigo Vera | ||
| 999 | |c 357004 |d 357002 | ||
| 952 | |0 0 |1 0 |3 erb |4 0 |6 630_983000000000000_MIN_2014 |7 0 |8 A |9 464810 |a BIBAGR |b BIBAGR |i 5116651 |o 630.983 MIN 2014 |p 5116651 |r 2025-01-20 |w 2019-11-23 |y BK |z Catalogado en:20141003 |k AGR | ||
| 952 | |0 0 |1 0 |3 erb |4 0 |6 630_983000000000000_MIN_2014 |7 0 |8 A |9 464811 |a BIBAGR |b BIBAGR |i 5125413 |o 630.983 MIN 2014 |p 5125413 |r 2025-01-20 |w 2019-11-23 |y BK |z Catalogado en:20141120 |k AGR | ||